000 00384nam a2200157Ia 4500
008 230312s9999||||xx |||||||||||||| ||und||
020 _a0-500-28470-4
082 _a724.603
_bFOR-W
100 _aAdrian;Forty
245 0 _aWords and Buildings
260 _bThames & Hudson
_aUK
_c2012
300 _a335
546 _aEng.
650 _aArchitecture
_vWords and Buildings
942 _cBK
999 _c8200
_d8200